MARC details
| 000 -CABECERA |
| campo de control de longitud fija |
02149nab a2200301 a 4500 |
| 005 - FECHA Y HORA DE LA ÚLTIMA TRANSACCIÓN |
| campo de control |
20250924063910.0 |
| 008 - ELEMENTOS DE LONGITUD FIJA--INFORMACIÓN GENERAL |
| campo de control de longitud fija |
991125c2016 mx fr p o 000 0 spa d |
| 035 ## - NÚMERO DE CONTROL DEL SISTEMA |
| Número de control de sistema |
UPN01000214480 |
| 040 ## - FUENTE DE LA CATALOGACIÓN |
| Centro catalogador/agencia de origen |
UPN |
| Lengua de catalogación |
spa |
| Centro/agencia transcriptor |
UPN |
| Normas de descripción |
aacr2 |
| 049 ## - COLECCIÓN |
| Colección |
ART-E |
| 100 1# - ASIENTO PRINCIPAL--NOMBRE PERSONAL |
| Nombre de persona |
Martínez Ortega, Francisco |
| Enlace |
- franciscojavier.martinez@upf.edu |
| 100 1# - ASIENTO PRINCIPAL--NOMBRE PERSONAL |
| Nombre de persona |
Subías, Jaume |
| 100 1# - ASIENTO PRINCIPAL--NOMBRE PERSONAL |
| Nombre de persona |
Cassany, Daniel |
| 245 10 - MENCIÓN DE TÍTULO |
| Título |
Acercamiento etnográfico a la alfabetización digital en un Instituto de educación secundaria obligatoria en Barcelona |
| 506 0# - NOTA DE RESTRICCIONES AL ACCESO |
| Limitaciones de acceso |
Acceso abierto |
| 520 3# - NOTA DE RESUMEN, ETC. |
| Sumario, etc. |
En la transición de una promoción de alumnos hacia la Educación Secundaria Obligatoria en un centro adscrito al modelo 1x1 encontramos una estrategia de alfabetización digital. Usando referentes de la didáctica de las lenguas la analizamos para conocer cómo los profesores la conciben, cómo se implementa y qué prácticas letradas digitales están implicadas. A través de un acercamiento etnográfico entrevistamos al profesorado responsable de la planificación e implementación, recopilamos documentos y realizamos observaciones de aula: tomamos notas, fotografías y realizamos grabaciones de audio. Identificamos que en este contexto la alfabetización en el ámbito digital adquiere un carácter metafórico (como conocimientos básicos de herramientas digitales) brindando oportunidades limitadas de participación en prácticas letradas digitales a los alumnos. Encontramos dos procesos relevantes para la alfabetización en el ámbito digital: la selección de prácticas letradas y su transformación en objetos de aprendizaje. |
| 650 #4 - ASIENTO SECUNDARIO DE MATERIA - TERMINO TEMATICO |
| Término de materia o nombre geográfico como elemento de entrada |
Alfabetización digital |
| 9 (RLIN) |
21774 |
| 650 #7 - ASIENTO SECUNDARIO DE MATERIA - TERMINO TEMATICO |
| Término de materia o nombre geográfico como elemento de entrada |
Educación secundaria |
| 9 (RLIN) |
4281 |
| 650 #2 - ASIENTO SECUNDARIO DE MATERIA - TERMINO TEMATICO |
| Término de materia o nombre geográfico como elemento de entrada |
Educación obligatoria |
| 9 (RLIN) |
14892 |
| 650 #4 - ASIENTO SECUNDARIO DE MATERIA - TERMINO TEMATICO |
| Término de materia o nombre geográfico como elemento de entrada |
Tecnologías de la información y comunicación |
| 9 (RLIN) |
21219 |
| 653 0# - TERMINO DE INDIZACION - NO CONTROLADO |
| Término no controlado |
Literacidad |
| 773 ## - ENLACE AL DOCUMENTO FUENTE/ENTRADA DE REGISTRO ANFITRIÓN |
| Parte(s) relacionada(s) |
No. 23 (2016), p. 190-215 |
| Título |
CPU-e, revista de investigación educativa |
| Número Internacional Normalizado para Publicaciones Seriadas |
1870-5308 |
| 856 4# - LOCALIZACIÓN Y ACCESO ELECTRÓNICOS |
| Identificador Uniforme del Recurso |
<a href="https://cpue.uv.mx/index.php/cpue/article/view/2168">https://cpue.uv.mx/index.php/cpue/article/view/2168</a> |
| 856 4# - LOCALIZACIÓN Y ACCESO ELECTRÓNICOS |
| Identificador Uniforme del Recurso |
<a href="https://doi.org/10.25009/cpue.v0i23.2168">https://doi.org/10.25009/cpue.v0i23.2168</a> |
| 902 ## - ELEMENTOS DE DATOS B LOCAL, LDB (RLIN) |
| Creó |
Gloria Jiménez/220125 |
| 905 ## - TIPO DE MATERIAL |
| Tipo de material |
Articulo |
| 942 ## - ELEMENTOS DE PUNTO DE ACCESO ADICIONAL (KOHA) |
| Tipo de ítem Koha |
Artículo Electrónico |